Bibliografía general de historia de México /

Bibliografía que comprende, primordialmente, textos publicados sobre la historia de México en el siglo XX. Se organiza en una estructura cronológica (época prehispánica, época colonial, México independiente y México contemporáneo posrevolucionario) y temática (historia económica, historia social, hi...

Popoln opis

Shranjeno v:
Bibliografske podrobnosti
Glavni avtor: Orozco, Edna María (autor)
Drugi avtorji: Platas, Alma Rosa (autor) (autor)
Format: Knjiga
Jezik:španščina
Serija:(Colección Científica INAH ; Fuentes para la Historia) 69.
Teme:
Oznake: Označite
Brez oznak, prvi označite!

MARC

LEADER 00000nam^a2200000^a^4500
001 000271363
005 20250521000000.0
009 20260310111025.922
025 |a Donación Francisco J. Núñez de la Peña, 1 ejemplar 
037 |a Acervo ITESO - Biblioteca 
041 |a ESP 
082 |a 972. 0016  |b ORO 
100 |a Orozco, Edna María  |e (autor) 
245 1 0 |a Bibliografía general de historia de México /  |c E.M. Orozco, A.R. Platas. 
264 |a México :  |b INAH,  |c 1979 
300 |a 142 p. 
336 |a texto  |b txt  |2 rdacontenido 
337 |a sin mediación  |b n  |2 rdamedio 
338 |a volumen  |b nc  |2 rdasoporte 
440 1 |a (Colección Científica INAH ;  |v 69.  |p Fuentes para la Historia) 
520 |a Bibliografía que comprende, primordialmente, textos publicados sobre la historia de México en el siglo XX. Se organiza en una estructura cronológica (época prehispánica, época colonial, México independiente y México contemporáneo posrevolucionario) y temática (historia económica, historia social, historia política e historia de la cultura). Incluye una sección con bibliografía de textos auxiliares al estudio y la enseñanza de la historia. 
649 |a XX 
650 |a México -  |x Historia -  |x Documentos 
650 |a México -  |x Historia -  |x Bibliografías -  |x Tema Principal 
650 |a México -  |x Historia 
650 |a Bibliografías 
700 |a Platas, Alma Rosa  |e (autor) 
910 |a Fondo General 
920 |a Impresos - Libros 
930 |a Obras de Referencia 
905 |a 102 
901 |a 0500157101  |b IT2  |c REF  |i D  |u 20250521 
902 |a https://opac.biblio.iteso.mx/vufind/Record/000271363